000 00358nam a22001217a 4500
999 _c13547
_d13547
082 _a297.02
_b ا خ ت
100 _aمحمّد اختر
245 _aخزائن شریعت و طریقت
260 _aکراچی
_bکتب خانہ مظہری
_c١٤٣٠ ھ
300 _a ٤٨٦ صفحات
650 _aIslam, Khazain e Shariyat o Tariqat
942 _cBK